000 00525nam a2200229Ia 4500
003 OSt
005 20220924142538.0
006 a|||||r|||| 00| 0
007 ta
008 ASM
024 _a302366
037 _cTextual
040 _aARTS
_cARTS
_bASM
041 _2ASM
_aASM
082 _aO158,3NRA1,1, M7
100 _aRabha
_9213605
245 0 _aSonpahi
260 _c1987
650 _aASSAMESE LITERATURE
_911738
942 _hO158,3NRA1,1, M7
_cTEXL
_2CC
999 _c451087
_d451087